000 00377pab a2200157 454500
008 180718b2010 xxu||||| |||| 00| 0 eng d
100 _aBaldez, Lisa
245 _aThe gender lacuna in comparative politics
260 _c2010
300 _ap.199-205.
362 _aMar
650 _aWomen in politics
773 _aPerspectives on Politics
908 _aN
909 _a87224
999 _c87224
_d87224